000 00377nam a22001697a 4500
003 SGT
020 _a9789354654695
082 _a610.73
_bN22C
100 _aCLEMENT. I.
245 _aNURSING FOUNDATION -II
250 _a1ST
260 _aINDIA
_bJAYPEE PUB
_c2022
300 _a645
650 _aNURSING FOUNDATION
653 _aNURSING FOUNDATION
942 _2ddc
_cBK
_072
999 _c24929
_d24929